It Ends With Us/It Starts With Us Quiz - Statistics

General Stats
  • This quiz has been taken 497 times
  • The average score is 10 of 17
Answer Stats
Hint Answer % Correct
Author of It Ends With Us and It Starts With Us Colleen Hoover
89%
Town where the book is set Boston
84%
Middle Name of Lily Bloom Blossom
76%
Person Lily addressed her journals to Ellen DeGeneres
72%
Name of Ryle's sister Alyssa
71%
Last Name of Atlas Corrigan
68%
Middle Name of their daughter (It Starts With Us) Dory
65%
Name of Ryle and Lily's daughter (It Starts With Us) Emerson
63%
Atlas's occupation Chef
62%
Last Name Of Ryle Kincaid
59%
Name of Ryle's brother in law Marshall
59%
Favourite Movie of Lily Finding Nemo
58%
Lily's occupation Florist
52%
Name of Lily's father Andrew
38%
Name of Atlas's brother (It Starts With Us) Josh
38%
Name of Atlas's mother (It Starts With Us) Sutton
22%
Name of Atlas's father Tim
18%
No matching quizzes found
Score Distribution
Percent of People with Each Score
Percentile by Number Answered
Your Score History
You have not taken this quiz